000 00437nam a2200193Ia 4500
008 151121s9999||||xx |||||||||||||| ||und||
082 _a301/RAY
082 _bHNW-36000
100 _aRay S। N।
245 _aRadicalism
260 _bRenaissance Pub। Calcutta
260 _c--
300 _a123
600 _aRay S। N।
630 _aRadicalism
700 _aRay S। N।
730 _aRadicalism
942 _cBOOK
999 _c1228189
_d1228186